Concrete manual (Record no. 5933)
[ view plain ]
| 000 -LEADER | |
|---|---|
| fixed length control field | 00665cam a2200181ua 4500 |
| 020 ## - INTERNATIONAL STANDARD BOOK NUMBER | |
| ISBN | 81 84046 90 5 |
| 041 ## - LANGUAGE CODE | |
| Language code of text/sound track or separate title | eng |
| 082 ## - DEWEY DECIMAL CLASSIFICATION NUMBER | |
| Classification number | 028.72624 |
| Item number | AWA/CO |
| 245 ## - TITLE STATEMENT | |
| Title | Concrete manual |
| 250 ## - EDITION STATEMENT | |
| Edition statement | 8 / |
| 260 ## - PUBLICATION, DISTRIBUTION, ETC. (IMPRINT) | |
| Place of publication | Jodhpur : |
| Name of publisher | Scientific Publishers , |
| Year of publication | 1990. |
| 300 ## - PHYSICAL DESCRIPTION | |
| Number of Pages | 627 ; . |
| 942 ## - ADDED ENTRY ELEMENTS (KOHA) | |
| Koha item type | Books |
| Withdrawn status | Lost status | Damaged status | Home library | Current library | Date acquired | Full call number | Accession Number | Koha item type |
|---|---|---|---|---|---|---|---|---|
| KAUAET | 07/04/2012 | 028.72624 | 16897 | Books |
